000 00865cab a2200265 4500
001 WB2824-45
008 090401t1992 xxu||||| |||| 00| 0 eng d
035 _a(Sirsi) u39314
041 _aeng
245 _aFurther advances, negligent valuations and ministrations
260 _c1992
350 _a0
490 _aEstates Gazette
_v(9223) 13 June 1992, 124(1)
520 _aDiscusses the principle of duty of care owed by the mmortgage valuer to his clients with reference to recent case law.
650 _aBUILDING SOCIETIES ACT 1986 S12
650 _aDUTY OF CARE
650 _aHALIFAX BUILDING SOCIETY
650 _aHARRIS V WYRE FOREST DC
650 _aMALADMINISTRATION
650 _aMORTGAGE VALUATIONS
650 _aSMITH V ERIC BUSH
690 _aMANAGEMENT-BUSINESS MANAGEMENT-PROFESSIONAL PRACTICE
942 _n0
948 _c04/03/1997
999 _c25241
_d25241